| 000 | 00799nam a22002057a 4500 | ||
|---|---|---|---|
| 005 | 20151003020002.0 | ||
| 008 | 140224b2013 ck ||||| |||| 00| 0 spa d | ||
| 020 | _a9789587341348 | ||
| 041 | _aspa | ||
| 044 | _ack | ||
| 082 |
_a551.483 _bP96r |
||
| 245 | _aRío Magdalena : Informe social, económico y ambiental | ||
| 260 |
_aBogotá _bProcuraduría Delegada para Asuntos Ambientales y Agrarios. _bInstituto de Estudios del Ministerio Público IEMP _c2013 |
||
| 300 |
_a274 p. _btablas, gráficas _c28 cm. |
||
| 504 | _aIncluye referencias bibliográficas (p. 268 -274) | ||
| 650 | 6 |
_aContaminación del agua. _9489 |
|
| 651 | 6 |
_aMagdalena (Río, Colombia) _xContaminación _99945 |
|
| 651 | 6 |
_aMagdalena (Río, Colombia) _xAspectos ambientales _xAspectos sociales _99946 |
|
| 942 |
_2ddc _cFolleto _03 |
||
| 999 |
_c8141 _d8141 |
||